MARC детайли
| 000 -Лидер |
| Лидер |
04841nam a2200745 a 4500 |
| 001 - Контролен номер на записа |
| Контролен № |
500327 |
| 003 - Код на организацията, давaща контролен номер |
| Код на организацията, даваща контролен номер |
BLK |
| 005 - Дата и час на последна редакция |
| Дата и час на последна редакция |
20240408160453.0 |
| 008 - Елементи от данни с фиксирана дължина |
| Елементи с фиксирана дължина |
180409b bul|||||r ||||||| ||bul|| |
| 020 ## - Международен стандартен номер на книга ISBN |
| ISBN |
9786192453282 |
| 040 ## - Източник на каталожния запис |
| Код на библиотеката |
BLK |
| 041 ## - Код за език |
| Език |
Български |
| Език за КДБФ |
Български |
| 080 ## - УДК |
| УДК текст |
Българска литература(изследвания) |
| УДК код |
821.163.2.09 |
| УДК – код + определител |
821.163.2.09 |
| 9 (RLIN) |
393824 |
| 080 ## - УДК |
| УДК текст |
Българска литература |
| УДК код |
821.163.2 |
| УДК – определител |
(092) |
| УДК – код + определител |
821.163.2(092) |
| 9 (RLIN) |
227592 |
| 080 ## - УДК |
| УДК текст |
Биографии - България |
| УДК код |
929(497.2) |
| УДК – код + определител |
929(497.2) |
| 9 (RLIN) |
389369 |
| 084 ## - Класификационен индекс по друга класификация |
| Авторски знак |
Гран - Г 77 |
| 100 1# - Редна дума - Автор |
| Автор |
Гранитски, Иван |
| Пълна форма на името |
Димитров, Иван Йорданов |
| Години, свързани с автора |
1953- |
| Биография на автора |
Журналист, литературен критик, теоретик и историк, поет, публицист и издател. |
| R(LIN) |
55767 |
| 245 ## - Сведения за заглавието |
| Заглавие |
Енергията на българския дух |
| Авторска отговорност |
Иван Гранитски. |
| 257 ## - Страна на издаване |
| Страна на създаване/издаване |
България |
| 260 ## - Област на издателските данни |
| Място на издаване |
София |
| Име на издателя |
Акад. изд. Проф. Марин Дринов |
| Година на издаване |
2023 |
| 9 (RLIN) |
209388 |
| 300 ## - Физическа характеристика |
| Брой страници |
599 с. |
| Илюстрации |
с портр. |
| Размер |
24 см |
| 380 ## - Жанр |
| Жанр |
Литературознание |
| 500 ## - Общи забележки |
| Обща забележка |
Иван Гранитски - псевд. на авт. Иван Йорданов Димитров |
| 505 ## - Форматирана забележка |
| Подзаглавни данни |
Георги Раковски - избухването на националнат и социалната енергия |
| 505 ## - Форматирана забележка |
| Подзаглавни данни |
Любен Каравелов - страстта на разума |
| 505 ## - Форматирана забележка |
| Подзаглавни данни |
Добри Чинтулов - поетичната искра на любородието |
| 505 ## - Форматирана забележка |
| Подзаглавни данни |
Васил Левски - Внимателно бързайте! |
| 505 ## - Форматирана забележка |
| Подзаглавни данни |
Христо Ботев - великата национална душа |
| 505 ## - Форматирана забележка |
| Подзаглавни данни |
Иван Вазов - енергията на българския дух |
| 505 ## - Форматирана забележка |
| Подзаглавни данни |
Захари Стоянов - огнената полемика на Летописеца |
| 505 ## - Форматирана забележка |
| Подзаглавни данни |
Магичната привлекателност на Яворовото слово |
| 505 ## - Форматирана забележка |
| Подзаглавни данни |
Димчо Дебелянов - поезия и национална съдба |
| 505 ## - Форматирана забележка |
| Подзаглавни данни |
Гео Милев и трагиката на националната съдба |
| 505 ## - Форматирана забележка |
| Подзаглавни данни |
Никола Вапцаров - апотеоз на безстрашната вяра |
| 505 ## - Форматирана забележка |
| Подзаглавни данни |
Самотният мечтател Александър Вутимски |
| 505 ## - Форматирана забележка |
| Подзаглавни данни |
Образът на града в ранната поезия на Богомил Райнов |
| 505 ## - Форматирана забележка |
| Подзаглавни данни |
Александър Геров - скитник между живота и смъртта |
| 505 ## - Форматирана забележка |
| Подзаглавни данни |
Драматичният лиризъм на Веселин Ханчев |
| 505 ## - Форматирана забележка |
| Подзаглавни данни |
Словестните храмове на Валери Петров |
| 505 ## - Форматирана забележка |
| Подзаглавни данни |
Павел Матев - светлата печал на спомена |
| 505 ## - Форматирана забележка |
| Подзаглавни данни |
Лиляна Стефанова - неуморимата жрица на словото |
| 505 ## - Форматирана забележка |
| Подзаглавни данни |
Пеньо Пенев - поет на възторга и покрусата |
| 505 ## - Форматирана забележка |
| Подзаглавни данни |
Димитър Талев - крепител на националното самосъзнание |
| 505 ## - Форматирана забележка |
| Подзаглавни данни |
Николай Хайтов - художникът воин |
| 505 ## - Форматирана забележка |
| Подзаглавни данни |
Антон Дончев - свещенослужител в храма на българското слово |
| 505 ## - Форматирана забележка |
| Подзаглавни данни |
Георги Джагаров - човекът в огледалото на историята |
| 505 ## - Форматирана забележка |
| Подзаглавни данни |
Станка Пенчева - Огънят на страстта и съзерцанието на Вечността |
| 505 ## - Форматирана забележка |
| Подзаглавни данни |
Андрей Германов - яростното слънце на надеждата |
| 505 ## - Форматирана забележка |
| Подзаглавни данни |
Любомир Левчев - последният, който не избяга от Помпей |
| 505 ## - Форматирана забележка |
| Подзаглавни данни |
Стефан Цанев - Нека вечно изгаряме като звезди |
| 505 ## - Форматирана забележка |
| Подзаглавни данни |
Христо Фотев - живата метафора на поезията |
| 505 ## - Форматирана забележка |
| Подзаглавни данни |
Панко Анчев - Литературният процес като въплъщение на националния дух |
| 650 #0 - Допълнително описание по предмет – тема |
| 9 (RLIN) |
261900 |
| Предметна рубрика |
Българска литература, 1878-1944 г. - теми, образи, сюжети |
| 650 #7 - Допълнително описание по предмет – тема |
| 9 (RLIN) |
163472 |
| Предметна рубрика |
Народопсихология |
| 650 #0 - Допълнително описание по предмет – тема |
| 9 (RLIN) |
250544 |
| Предметна рубрика |
Писатели, български - творчество |
| 650 #0 - Допълнително описание по предмет – тема |
| 9 (RLIN) |
244446 |
| Предметна рубрика |
България - литературознание |
| 852 ## - Местоположение |
| Сигнатура (форматна) |
Цб 321285 |
| Отдел |
Хранилище |
| 942 ## - АРТИКУЛИ |
| Вид на библиотечния документ |
Книги |
| Скрит в OPAC |
Не |
| 944 ## - СЪЗДАВАНЕ И РЕДАКЦИЯ на ЗАПИСА |
| Дата на регистрацията/редакция |
Севдалина Тодорова |
| Служител, извършил регистрацията/редакцията |
30560 |
| Номер на служител |
Геновева Генчева |
| 999 ## - СИСТЕМНИ КОНТРОЛНИ НОМЕРА |
| Koha biblionumber |
500327 |
| Koha biblioitemnumber |
500327 |
| 999 ## - СИСТЕМНИ КОНТРОЛНИ НОМЕРА |
| Koha biblioitemnumber |
500327 |
| 999 ## - СИСТЕМНИ КОНТРОЛНИ НОМЕРА |
| Koha biblioitemnumber |
500327 |
| 999 ## - СИСТЕМНИ КОНТРОЛНИ НОМЕРА |
| Koha biblioitemnumber |
500327 |
| 999 ## - СИСТЕМНИ КОНТРОЛНИ НОМЕРА |
| Koha biblioitemnumber |
500327 |